000 01167 am a2200277 a 4500
005 20240628100440.0
008 100914s1984||||ve d f |||| 001 0 spa d
020 _aS/N
041 _aspa
092 _c610.738
_l10
_sCAM
110 1 _aFederación Panamericana de Asociaciones de Facultades (escuelas) de Medicina.
_91461
_gFEPAFEM
245 _aCambios en la educación médica. Un análisis de la integración docente asistencial en América Latina.
_bN°3 /
_cFederación Panamericana de Asociaciones de Facultades (escuelas) de Medicina.
250 _a1a ed.
260 _aCaracas [Venezuela]:
_bFondo Editorial FEPAFEM,
_c1984.
300 _a161 p.
500 _aChavez, M. M. et al. (1984). Cambios en la educación médica. Un análisis de la integración docente asistencial en América Latina. N°3. (1a ed.). Caracas [Venezuela] : Fondo Editorial FEPAFEM.
653 _aCiencias médicas
653 _aEnfermeria
653 _aAmérica Latina
700 1 _aChavez, Mario M.
_91457
700 1 _aFerreira, José Roberto.
_91458
700 1 _aPulido M. Pablo A.
_91459
700 1 _aRondón M. Roberto.
_91460
930 _a532
942 _2ddc
_cBK
999 _c722
_d722